Análisis de licuación de limos de origen volcánico utilizando ensayos triaxiales dinámicos
محفوظ في:
| المؤلف الرئيسي: | |
|---|---|
| مؤلفون آخرون: | |
| التنسيق: | كتاب |
| اللغة: | Spanish |
| منشور في: |
[San José , Costa Rica]
2019
|
| الموضوعات: | |
| الوسوم: |
إضافة وسم
لا توجد وسوم, كن أول من يضع وسما على هذه التسجيلة!
|
MARC
| LEADER | 00000nam a22000007a 4500 | ||
|---|---|---|---|
| 003 | 013047 | ||
| 005 | 20230530134946.0 | ||
| 008 | 190514b2019 c a|||| |||| 00| ||spa d | ||
| 040 | |c cru CEDI | ||
| 100 | |9 584 |a Solano Matamoros, Laura, 1992- | ||
| 245 | |a Análisis de licuación de limos de origen volcánico utilizando ensayos triaxiales dinámicos | ||
| 260 | |a [San José , Costa Rica] |c 2019 | ||
| 500 | |a Proyecto de graduación (licenciatura en ingeniería civil)--Universidad de Costa Rica. Facultad de Ingeniería. Escuela de Ingeniería Civil. | ||
| 501 | |a Directora de Proyecto de Graduación: Ing. Ana Monge Sandí, MSc. | ||
| 650 | |x SUELOS VOLCANICOS - PRUEBAS |x ENSAYOS TRIAXIALES |x SUELOS - CLASIFICACION |x DINAMICA DE SUELOS - CINCHONA (ALAJUELA, COSTA RICA) |x MECANICA DE SUELOS - MEDICIONES |x LICUEFACCION DE SUELOS - INVESTIGACIONES - CINCHONA (ALAJUELA, COSTA RICA) | ||
| 700 | |9 585 |a Monge Sandí, Ana Lorena, 1975- |d Directora del TFG | ||
| 942 | |c CEDI |h TFG 8197 |6 TFG_8197_000000000000000 | ||
| 999 | |c 21689 |d 21689 | ||
